Samočinné počítače 3. Programovanie v jazyku FORTRAN

Bibliographic Details
Main Authors: Klima, Valent (Author), Hora, Peter (Author)
Format: Book
Language:Slovak
PhysicalDescription:163, [1] s. tab., sch. 4°
Published: Bratislava Alfa 1973
Edition:2. vyd.
Series:Dočasná vysokoškolská učebnica
Subjects:

MARC

LEADER 00000cam a2200000 a 4500
001 vtls008340446
003 SK-MaSNL
005 20260301182916.0
008 251124s1973 xo 000 u slo
015 |a SNBA1974/03-00817 
035 |a SK01SNK19740032663 
035 |a SKM000035126 
040 |a SNK  |b slo  |c SNK  |e AACR2 
041 0 |a slo 
044 |a xo  |c SK 
080 |a 681.3.06:519.682(075.8)  |2 1981 
080 |a 519.682(075.8)  |2 1981 
080 |a 800.92(075.8)  |2 1981 
245 0 0 |a Samočinné počítače  |n 3.  |p Programovanie v jazyku FORTRAN  |c [autori:] Valent Klima, Peter Hora 
246 |a Programovanie v jazyku FORTRAN 
250 |a 2. vyd. 
260 |a Bratislava  |b Alfa  |c 1973  |e Bratislava  |f Západoslovenské tlačiarne 42 
300 |a 163, [1] s.  |b tab., sch.  |c 4° 
366 |e 400 výt. 
490 1 |a Dočasná vysokoškolská učebnica 
504 |a Bibliogr. Pozn. Vysvetl. 
650 0 7 |a samočinné počítače  |2 SNKPH  |9 308242 
650 0 7 |a programovanie  |2 SNKPH  |9 22041 
650 0 7 |a Fortran (programovací jazyk)  |2 SNKPH  |9 346166 
655 7 |a učebnice vysokých škôl  |2 SNKPH  |9 70191 
700 1 |a Klima, Valent  |4 aut  |9 352355 
700 1 |a Hora, Peter  |4 aut  |9 9530 
830 0 |a Dočasná vysokoškolská učebnica  |9 279156 
852 |a Slovenská národná knižnica v Martine  |b 10000  |h SB 20664/3 
852 |a Slovenská národná knižnica v Martine  |b 10000  |h SB 20664/3 D1 
958 |a OND 
958 |a RK 
958 |a RM 
958 |a NB 
958 |a UV 
999 |c 855218  |d 857148 
952 |a SNK  |b SNK  |y PREZ  |7 0  |p 17A0901547  |o snkSB 20664/3  |i snkKSP 2838/74  |0 0  |1 0  |4 0  |d 2014-04-24  |f 1  |l 0  |r 2025-03-25 00:00:00  |w 2026-02-24 
952 |a SNK  |b SNK  |y VYP  |7 0  |o snkSB 20664/3 D1  |i snkKSP 2839/74  |0 0  |1 0  |4 0  |d 2014-04-24  |l 0  |r 2026-02-24 04:54:27  |w 2026-02-24 
952 |a SNK  |b SNK  |y VYP  |7 0  |o snkSB 20664/3 D2  |i snkD 1056/76  |8 1  |0 0  |1 0  |4 0  |d 2014-04-24  |l 0  |r 2026-02-24 04:54:27  |w 2026-02-24